A room of one's own = (Record no. 192714)

MARC details
000 -LEADER
campo de control de longitud fija 01581nam a2200421 i 4500
001 - NÚMERO DE CONTROL
campo de control 192714
003 - IDENTIFICADOR DE NÚMERO DE CONTROL
campo de control SpMaBN
005 - FECHA Y HORA DE LA ÚLTIMA TRANSACCIÓN
campo de control 20250825112757.0
007 - CAMPO FIJO DE DESCRIPCIÓN FÍSICA--INFORMACIÓN GENERAL
campo de control de longitud fija ta
008 - DATOS DE LONGITUD FIJA--INFORMACIÓN GENERAL
campo de control de longitud fija 230516s2022 sp | |||| 000 f eng
017 ## - NÚMERO DE COPYRIGHT O DE DEPÓSITO LEGAL
Número de copyright o de depósito legal M 6600-2022
Agencia que asigna Oficina Depósito Legal Madrid
020 ## - NÚMERO INTERNACIONAL ESTÁNDAR DEL LIBRO
Número Internacional Estándar del Libro 9788412427202
040 ## - FUENTE DE CATALOGACIÓN
Centro catalogador/agencia de origen SpMaBN
Lengua de catalogación spa
Centro/agencia transcriptor ES-MaACL
Normas de descripción rda
080 ## - NÚMERO DE LA CLASIFICACIÓN DECIMAL UNIVERSAL
Número de la Clasificación Decimal Universal 821.111-4"19"
100 1# - ENTRADA PRINCIPAL--NOMBRE DE PERSONA
Nombre de persona Woolf, Virginia,
Fechas asociadas al nombre 1882-1941
Término indicativo de función/relación Autor
9 (RLIN) 240179
245 12 - MENCIÓN DEL TÍTULO
Título A room of one's own =
Resto del título Un cuarto para ella sola : (1928-29) /
Mención de responsabilidad, etc. Virginia Woolf ; introducción y traducción de Andrés Arenas y Enrique Girón
246 31 - FORMA VARIANTE DEL TITULO
Título propio/Titulo breve Un cuarto para ella sola
250 ## - MENCION DE EDICION
Mención de edición Edición bilingüe
264 #1 - PRODUCCIÓN, PUBLICACIÓN, DISTRIBUCIÓN, FABRICACIÓN Y COPYRIGHT
Producción, publicación, distribución, fabricación y copyright San Lorenzo de El Escorial :
Nombre del de productor, editor, distribuidor, fabricante Cuadernos de Langre,
Fecha de producción, publicación, distribución, fabricación o copyright 2022.
300 ## - DESCRIPCIÓN FÍSICA
Extensión 319 páginas :
Dimensiones 20 cm.
336 ## - TIPO DE CONTENIDO
Término de tipo de contenido Texto
Fuente rdacontent
337 ## - TIPO DE MEDIO
Nombre/término del tipo de medio sin mediación
Fuente rdamedia
338 ## - TIPO DE SOPORTE
Nombre/término del tipo de soporte volumen
Fuente rdacarrier
490 1# - MENCIÓN DE SERIE
Mención de serie Bilingües de base ;
Designación de volumen o secuencia 20
500 ## - NOTA GENERAL
Nota general Índice
546 ## - NOTA DE IDIOMA
Nota de lengua/lenguaje Texto paralelo en inglés y español
655 #0 - TERMINO DE INDIZACIÓN--GENERO/FORMA
Datos o término principal de género/forma Ensayos
9 (RLIN) 176636
700 1# - ENTRADA AGREGADA--NOMBRE PERSONAL
Nombre de persona Arenas Gómez, Andrés
Término indicativo de función/relación Autor de introducción
-- Traductor
9 (RLIN) 176637
700 1# - ENTRADA AGREGADA--NOMBRE PERSONAL
Nombre de persona Girón Irueste, Enrique
Término indicativo de función/relación Autor de introducción
-- Traductor
9 (RLIN) 174772
740 32 - ENTRADA AGREGADA--TÍTULO RELACIONADO/ANALÍTICO NO CONTROLADO
Título relacionado o analítico no controlado Un cuarto para ella sola (1928-29)
830 ## - PUNTO DE ACCESO ADICIONAL DE SERIE-TÍTULO UNIFORME
Título uniforme Bilingües de base ;
Designación de volumen o secuencia 20
9 (RLIN) 176638
852 ## - LOCALIZACIÓN
Ubicación ES-MaACL
Sublocalización o colección R.153467
Ubicación en estantería Depósito J
Anotaciones manuscritas Dedicatoria autógrafa de Enrique Girón Irueste
Donativo/Legado Donación: Enrique Girón Irueste
Número de control de estantería N-8351
itemnumber 200012
903 ## - NOMBRE PERSONAL DE DONANTE
9 174772
a Girón Irueste, Enrique,
e Donante
942 ## - ELEMENTOS DE ENTRADA SECUNDARIOS (KOHA)
Suprimir en OPAC No
Tipo de ítem Koha Libro impreso
Holdings
Estatus retirado Estado de pérdida Fuente del sistema de clasificación o colocación Estado de daño No para préstamo Colección Biblioteca de origen Biblioteca actual Ubicación en estantería Fecha de adquisición Fuente de adquisición Total de préstamos Signatura topográfica completa Código de barras Visto por última vez Tipo de ítem Koha Nota pública
    Clasificación decimal universal     Libros con dedicatorias Biblioteca del Ateneo de Madrid Biblioteca del Ateneo de Madrid Depósito J 12/06/2022 Donación   N-8351 101205305 16/05/2023 Libro impreso Dedicatoria autógrafa de Enrique Girón Irueste